Shanghai Movies by Picture - Statistics

General Stats
  • This quiz has been taken 127 times
  • The average score is 8 of 16
Answer Stats
Picture Answer % Correct
Transformers: Revenge of the Fallen
93%
Godzilla: Final Wars
92%
Penguins of Madagascar
89%
Planes
84%
Skyfall
78%
Mission: Impossible III
77%
Indiana Jones and the Temple of Doom
60%
Fantastic Four: Rise of the Silver Surfer
59%
Lara Croft Tomb Raider: The Cradle of Life
50%
Abominable
24%
Looper
22%
Empire of the Sun
21%
Fist of Fury
14%
Lust, Caution
7%
Crazy Kung-Fu
5%
Shanghai Express
5%
No matching quizzes found
Score Distribution
Percent of People with Each Score
Percentile by Number Answered
Your Score History
You have not taken this quiz